| 000 | 01143cam a22002054a 4500 | ||
|---|---|---|---|
| 005 | 20250605163929.0 | ||
| 008 | 250528s ||||||||||||||||||||||||d | ||
| 035 | _a14617 | ||
| 020 | _a863777295 | ||
| 040 |
_aGR-AtMCL _bgre _dGR-AtMCL _eAACR2 |
||
| 245 | 1 | _aMemory in the Real World / Second Edition | |
| 250 | _a2nd | ||
| 260 |
_bPsychology Press, _c1996 |
||
| 300 | _a358 | ||
| 520 | _aThis book provides a comprehensive state-of-the-Art Review, bringing together studies on many different topics. The Study of Everyday Memory, Memory for Intentions and Actions and Plans, Memory for Places: Routes and Maps and Object Locations, Memory of Events: Eyewitness Testimony and Flashbulb Memory, Memory for People: Faces and Voices and Names, Memory for Personal Experiences: Autobiographical Memory, Memory for Knowledge: General Knowledge and Metaknowledge, Memory for Expertise, Memory for Discourse: Conversation and Texts and Stories, Memory for Thoughts and Dreams, Overview: Conclusions and Speculations, References, Author and Subject Index. | ||
| 700 | 1 |
_aCohen Gillian _9345 |
|
| 942 | _cBK | ||
| 999 |
_c241 _d241 |
||